<?xml version="1.0" encoding="UTF-8"?>
<collection xmlns="http://www.loc.gov/MARC21/slim">
 <record>
  <leader>01559pam a22002538a 4500</leader>
  <controlfield tag="001">00022379</controlfield>
  <controlfield tag="005">20171026081025.0</controlfield>
  <controlfield tag="008">110530s2003                  ||||||Viesd</controlfield>
  <datafield tag="020" ind1=" " ind2=" ">
   <subfield code="c">32000</subfield>
  </datafield>
  <datafield tag="041" ind1="0" ind2="#">
   <subfield code="a">Vie</subfield>
  </datafield>
  <datafield tag="082" ind1="1" ind2="4">
   <subfield code="a">370.7</subfield>
   <subfield code="b">PH561PH</subfield>
  </datafield>
  <datafield tag="100" ind1="0" ind2="#">
   <subfield code="a">Lưu Xuân Mới</subfield>
  </datafield>
  <datafield tag="245" ind1="0" ind2="0">
   <subfield code="a">Phương pháp luận nghiên cứu khoa học</subfield>
   <subfield code="b">Dùng cho sinh viên, học viên cao học, nghiên cứu khoa học và cán bộ giảng dạy các trường đại học, cao đẳng</subfield>
   <subfield code="c">Lưu Xuân Mới</subfield>
  </datafield>
  <datafield tag="260" ind1="#" ind2="#">
   <subfield code="a">H.</subfield>
   <subfield code="b">Đại học Sư phạm</subfield>
   <subfield code="c">2003</subfield>
  </datafield>
  <datafield tag="300" ind1="#" ind2="#">
   <subfield code="a">266 tr.</subfield>
   <subfield code="c">21 cm.</subfield>
  </datafield>
  <datafield tag="650" ind1="#" ind2="4">
   <subfield code="a">Khoa học</subfield>
  </datafield>
  <datafield tag="650" ind1="#" ind2="4">
   <subfield code="a">Phương pháp</subfield>
  </datafield>
  <datafield tag="650" ind1="#" ind2="4">
   <subfield code="a">Nghiên cứu</subfield>
  </datafield>
  <datafield tag="852" ind1="#" ind2="#">
   <subfield code="b">Kho giáo trình</subfield>
   <subfield code="j">KGT.0018801, KGT.0018802, KGT.0018803, KGT.0018804, KGT.0018805, KGT.0018806, KGT.0018807, KGT.0018808, KGT.0018809, KGT.0018810, KGT.0018811, KGT.0018812, KGT.0018813, KGT.0018814, KGT.0018815, KGT.0018816, KGT.0018817, KGT.0018818, KGT.0018819, KGT.0032846, KGT.0032980, KGT.0033010, KGT.0048695</subfield>
  </datafield>
  <datafield tag="852" ind1="#" ind2="#">
   <subfield code="b">Kho mượn</subfield>
   <subfield code="j">KGT.0018801</subfield>
  </datafield>
  <datafield tag="852" ind1="#" ind2="#">
   <subfield code="j">KGT.0018801</subfield>
   <subfield code="j">KGT.0018802</subfield>
   <subfield code="j">KGT.0018804</subfield>
   <subfield code="j">KGT.0018805</subfield>
   <subfield code="j">KGT.0018807</subfield>
   <subfield code="j">KGT.0018809</subfield>
   <subfield code="j">KGT.0018810</subfield>
   <subfield code="j">KGT.0018813</subfield>
   <subfield code="j">KGT.0018814</subfield>
   <subfield code="j">KGT.0018816</subfield>
   <subfield code="j">KGT.0018817</subfield>
   <subfield code="j">KGT.0018819</subfield>
   <subfield code="j">KGT.0032846</subfield>
   <subfield code="j">KGT.0033010</subfield>
   <subfield code="j">KGT.0032980</subfield>
   <subfield code="j">KD.0009196</subfield>
   <subfield code="j">KGT.0048695</subfield>
   <subfield code="j">KGT.0018803</subfield>
   <subfield code="j">KGT.0018806</subfield>
   <subfield code="j">KGT.0018808</subfield>
   <subfield code="j">KGT.0018811</subfield>
   <subfield code="j">KGT.0018815</subfield>
   <subfield code="j">KGT.0018818</subfield>
   <subfield code="j">KGT.0055303</subfield>
   <subfield code="j">KGT.0059252</subfield>
  </datafield>
  <datafield tag="852" ind1="#" ind2="#">
   <subfield code="b">Kho đọc</subfield>
   <subfield code="j">KD.0009196</subfield>
  </datafield>
  <datafield tag="910" ind1="0" ind2="#">
   <subfield code="a">kìm</subfield>
   <subfield code="d">30/05/2011</subfield>
  </datafield>
  <datafield tag="980" ind1="#" ind2="#">
   <subfield code="a">Trung tâm Học liệu Lê Vũ Hùng, Trường Đại học Đồng Tháp</subfield>
  </datafield>
 </record>
</collection>
